000
00221nam a22000857a 4500
008
170527b xxu||||| |||| 00| 0 eng d
100
_9
3141
_a
k. Payer
245
_a
Lads Before the Wind
260
_a
New York
_b
Harpers & Row
_c
1975
999
_c
6432
_d
6432